[Event "TCh-FRA Top 16 GpB 2022"]
[Site "Chartres FRA"]
[Date "2022.06.13"]
[Round "5.3"]
[Board "2"]
[White "Solodovnichenko, Yuri"]
[Black "Benitah, Yohan"]
[Result "1/2-1/2"]
[WhiteTitle "GM"]
[BlackTitle "IM"]
[WhiteElo "2492"]
[BlackElo "2385"]
[WhiteTeam "Vandoeuvre-Echecs"]
[BlackTeam "Lyon Olympique Echecs"]
[WhiteFideId "14104369"]
[BlackFideId "609560"]
[EventDate "2022.06.09"]

1. e4 c5 2. Nf3 d6 3. d4 cxd4 4. Nxd4 Nf6 5. Nc3 a6 6. Bg5 e6 7. f4 Qb6 8. Nb3
Nbd7 9. Be2 Be7 10. Qd3 Qc7 11. Bf3 h6 12. Bxf6 Nxf6 13. O-O-O Rb8 14. Nd4 O-O
15. g4 b5 16. e5 dxe5 17. Nc6 Bb7 18. Nxe7+ Qxe7 19. fxe5 1/2-1/2

[Event "TCh-FRA Top 16 GpB 2022"]
[Site "Chartres FRA"]
[Date "2022.06.13"]
[Round "5.3"]
[Board "3"]
[White "Buscara, Sevan"]
[Black "Brunner, Nicolas"]
[Result "1-0"]
[WhiteTitle "IM"]
[BlackTitle "IM"]
[WhiteElo "2386"]
[BlackElo "2457"]
[WhiteTeam "Lyon Olympique Echecs"]
[BlackTeam "Vandoeuvre-Echecs"]
[WhiteFideId "650234"]
[BlackFideId "620246"]
[EventDate "2022.06.09"]

1. e4 c5 2. Nf3 d6 3. d4 cxd4 4. Nxd4 Nf6 5. Nc3 a6 6. Nb3 Nc6 7. h4 e6 8. h5 h6
9. Qf3 Qc7 10. g4 b5 11. g5 Ne5 12. Qe2 hxg5 13. Bxg5 b4 14. Na4 Bd7 15. f4 Bxa4
16. fxe5 dxe5 17. h6 Nd7 18. hxg7 Bxg7 19. Rxh8+ Bxh8 20. O-O-O Bf6 21. Be3 a5
22. Qf2 Be7 23. Kb1 Bc6 24. Nd2 a4 25. Rc1 Nf6 26. Qg1 a3 27. b3 Bf8 28. Bb6 Qb7
29. Rd1 Rc8 30. Nc4 Bxe4 31. Qg5 Nd7 32. Ba5 Bg6 33. Bg2 e4 34. Qh4 Qb5 35. Bxe4
Rxc4 36. Qd8# 1-0

[Event "TCh-FRA Top 16 GpB 2022"]
[Site "Chartres FRA"]
[Date "2022.06.13"]
[Round "5.3"]
[Board "4"]
[White "Hamitevici, Vladimir"]
[Black "Marzolo, Cyril"]
[Result "1-0"]
[WhiteTitle "GM"]
[BlackTitle "IM"]
[WhiteElo "2482"]
[BlackElo "2378"]
[WhiteTeam "Vandoeuvre-Echecs"]
[BlackTeam "Lyon Olympique Echecs"]
[WhiteFideId "13902393"]
[BlackFideId "608653"]
[EventDate "2022.06.09"]

1. c4 e5 2. g3 Nf6 3. Bg2 c6 4. Nf3 e4 5. Nd4 d5 6. cxd5 cxd5 7. O-O Bc5 8. Nb3
Bb6 9. d3 O-O 10. Nc3 e3 11. fxe3 Nbd7 12. d4 Re8 13. Nxd5 Nxd5 14. Bxd5 Nf6 15.
Bg2 h5 16. Qd3 Qe7 17. Bd2 Be6 18. Rac1 Rad8 19. Nc5 Bc8 20. b4 h4 21. gxh4 Ng4
22. e4 Qd6 23. Bf4 Qxd4+ 24. Qxd4 Rxd4 25. a3 a5 26. h3 Nf6 27. e3 Rdd8 28. Rfd1
axb4 29. axb4 Rxd1+ 30. Rxd1 Bd8 31. e5 Nh5 32. Bxb7 Bxh3 33. Bc6 Rf8 34. Bd7
Nxf4 35. exf4 Bxd7 36. Nxd7 Re8 37. b5 f6 38. Kg2 Kf7 39. Kf3 1-0

[Event "TCh-FRA Top 16 GpB 2022"]
[Site "Chartres FRA"]
[Date "2022.06.13"]
[Round "5.3"]
[Board "5"]
[White "Rouler, Charly"]
[Black "Savina, Anastasia"]
[Result "1/2-1/2"]
[WhiteTitle "FM"]
[BlackTitle "IM"]
[WhiteElo "2346"]
[BlackElo "2358"]
[WhiteTeam "Lyon Olympique Echecs"]
[BlackTeam "Vandoeuvre-Echecs"]
[WhiteFideId "621692"]
[BlackFideId "4196872"]
[EventDate "2022.06.09"]

1. d4 Nf6 2. Nf3 g6 3. g3 Bg7 4. Bg2 c5 5. O-O cxd4 6. Nxd4 d5 7. Nb3 a5 8. a4
Nc6 9. Nc3 Nb4 10. Bf4 O-O 11. Nb5 Bf5 12. N3d4 Rc8 13. c3 Nc6 14. Nxf5 gxf5 15.
Qb3 e6 16. Rad1 Qb6 17. c4 Nb4 18. Bd6 dxc4 19. Qf3 Nbd5 20. Bxf8 Bxf8 21. Rc1
Ne4 22. Qh5 Ndf6 23. Qh4 Bc5 24. Bxe4 Nxe4 25. e3 Nd2 26. Qg5+ Kh8 27. Qf6+ Kg8
28. Qg5+ Kh8 29. Qf6+ Kg8 1/2-1/2

[Event "TCh-FRA Top 16 GpB 2022"]
[Site "Chartres FRA"]
[Date "2022.06.13"]
[Round "5.3"]
[Board "6"]
[White "Philippe, Christophe"]
[Black "Crut, Aurelien"]
[Result "1/2-1/2"]
[WhiteTitle "IM"]
[BlackTitle "IM"]
[WhiteElo "2383"]
[BlackElo "2354"]
[WhiteTeam "Vandoeuvre-Echecs"]
[BlackTeam "Lyon Olympique Echecs"]
[WhiteFideId "610038"]
[BlackFideId "610569"]
[EventDate "2022.06.09"]

1. d4 d5 2. c4 e6 3. Nc3 c6 4. e3 Nf6 5. Nf3 Nbd7 6. Qc2 Bd6 7. g4 h6 8. Bd2 Qe7
9. Rg1 dxc4 10. Bxc4 b5 11. Be2 Bb7 12. O-O-O Rc8 13. e4 b4 14. e5 bxc3 15. Bxc3
Nd5 16. exd6 Qxd6 17. Ne5 Nxe5 18. dxe5 Qc5 19. Bd4 Qxc2+ 20. Kxc2 c5 21. Bc3
Ke7 22. b3 Nf4 23. Bb5 Rhd8 24. Ba5 Be4+ 25. Kb2 Rd4 26. Bc3 Rxd1 27. Rxd1 Bc6
28. Ba6 Rd8 29. Rxd8 Kxd8 30. Bd2 Nd5 31. f4 Kc7 32. Bd3 Nb4 33. Be2 Be4 34. h4
Nd5 35. h5 Kc6 36. a4 Nc7 37. Ba5 Bh7 38. Bf3+ Nd5 39. Bd2 Bd3 40. g5 Bf5 41.
Be2 Kd7 42. a5 Kc6 43. Ka3 Kb7 44. Ka4 a6 45. Bf3 Kc7 46. Be2 Kb7 47. Bf3 Kc7
48. Be2 1/2-1/2

[Event "TCh-FRA Top 16 GpB 2022"]
[Site "Chartres FRA"]
[Date "2022.06.13"]
[Round "5.3"]
[Board "7"]
[White "Brailly-Vignal, Bastien"]
[Black "Nezar, Mustapha"]
[Result "1-0"]
[WhiteTitle "FM"]
[BlackTitle "IM"]
[WhiteElo "2361"]
[BlackElo "2357"]
[WhiteTeam "Lyon Olympique Echecs"]
[BlackTeam "Vandoeuvre-Echecs"]
[WhiteFideId "658804"]
[BlackFideId "608637"]
[EventDate "2022.06.09"]

1. d4 d5 2. c4 c6 3. Nc3 Nf6 4. e3 e6 5. Nf3 Nbd7 6. Qc2 b6 7. cxd5 exd5 8. Bd3
Be7 9. O-O O-O 10. Ne5 Bb7 11. Bd2 c5 12. Rad1 a6 13. Be1 c4 14. Bf5 g6 15. Bh3
b5 16. f3 Qc7 17. Bg3 Bd6 18. Nxd7 Nxd7 19. Bxd6 Qxd6 20. e4 f6 21. a3 Nb6 22.
Rfe1 Rfe8 23. g3 Bc6 24. Qf2 Rab8 25. e5 Qe7 26. exf6 Qxf6 27. Re5 Qd6 28. Rde1
Bd7 29. Qe3 Rxe5 30. dxe5 Qe7 31. e6 Bc6 32. Qd4 a5 33. f4 b4 34. axb4 axb4 35.
Nd1 Nd7 36. Qe3 Nc5 37. Nf2 Rd8 38. Qd4 Nb3 39. Qe5 Rf8 40. Ng4 h5 41. Nh6+ Kh7
42. Nf7 Qa7+ 43. Kh1 d4+ 44. Bg2 Bxg2+ 45. Kxg2 Qb7+ 46. Kh3 Rxf7 47. exf7 Qxf7
48. Qd6 Qf5+ 49. Kg2 d3 50. Qd8 Qf7 51. Re7 1-0

[Event "TCh-FRA Top 16 GpB 2022"]
[Site "Chartres FRA"]
[Date "2022.06.13"]
[Round "5.3"]
[Board "8"]
[White "Steil-Antoni, Fiona"]
[Black "Djidjeli, Sarah"]
[Result "1-0"]
[WhiteTitle "WIM"]
[BlackTitle "WFM"]
[WhiteElo "2191"]
[BlackElo "2055"]
[WhiteTeam "Vandoeuvre-Echecs"]
[BlackTeam "Lyon Olympique Echecs"]
[WhiteFideId "4001249"]
[BlackFideId "36067474"]
[EventDate "2022.06.09"]

1. e4 c5 2. Nf3 Nc6 3. Bb5 g6 4. Bxc6 dxc6 5. d3 Bg7 6. h3 Nf6 7. Nc3 b6 8. Be3
O-O 9. Qd2 e5 10. Bh6 Qd6 11. O-O Nh5 12. Bxg7 Kxg7 13. Ne2 h6 14. g4 Nf6 15.
Qc3 Re8 16. Nh2 b5 17. f4 b4 18. Qe1 exf4 19. Rxf4 Be6 20. Qf2 Nd7 21. Rf1 Re7
22. Kh1 Ne5 23. Qg3 Rd8 24. b3 a5 25. Rf6 g5 26. Qf2 Nd7 27. Rf3 Ne5 28. Re3 Ng6
29. Ng3 Nf4 30. Rf3 Kf8 31. Ne2 Ng6 32. Rf6 Ke8 33. Nf3 Ne5 34. Rxh6 Nxf3 35.
Qxf3 Qe5 36. Qf6 Qxf6 37. Rhxf6 a4 38. Ng1 c4 39. bxc4 b3 40. axb3 axb3 41. cxb3
Rxd3 42. R6f3 Rd2 43. R1f2 Rd1 44. Kg2 Rb1 45. Ra2 Rb7 46. Ra3 Ke7 47. Ne2 Kd7
48. Ng1 Ke7 49. Ne2 Rd7 50. Ra2 Rb7 51. Nd4 c5 52. Nb5 Bd7 53. Rxf7+ Ke6 54. Rh7
Rxb3 55. Ra6+ Ke5 56. Re7+ Kf4 57. Rf6+ 1-0

[Event "TCh-FRA Top 16 GpB 2022"]
[Site "Chartres FRA"]
[Date "2022.06.13"]
[Round "5.4"]
[Board "1"]
[White "Duboue, Peio"]
[Black "Gharamian, Tigran"]
[Result "1/2-1/2"]
[WhiteTitle "FM"]
[BlackTitle "GM"]
[WhiteElo "2426"]
[BlackElo "2602"]
[WhiteTeam "Echiquier de l'Erdre"]
[BlackTeam "Clichy-Echecs-92"]
[WhiteFideId "654833"]
[BlackFideId "13301527"]
[EventDate "2022.06.09"]

1. e4 e6 2. d4 d5 3. Nc3 Nf6 4. Bd3 c5 5. exd5 cxd4 6. Bb5+ Bd7 7. Bxd7+ Qxd7 8.
dxe6 fxe6 9. Nce2 Nc6 10. Nf3 e5 11. O-O O-O-O 12. Ng3 e4 13. Ng5 e3 14. fxe3
Bc5 15. exd4 Qxd4+ 1/2-1/2

[Event "TCh-FRA Top 16 GpB 2022"]
[Site "Chartres FRA"]
[Date "2022.06.13"]
[Round "5.4"]
[Board "2"]
[White "Vocaturo, Daniele"]
[Black "Di Nicolantonio, Lucas"]
[Result "1-0"]
[WhiteTitle "GM"]
[BlackTitle "IM"]
[WhiteElo "2608"]
[BlackElo "2382"]
[WhiteTeam "Clichy-Echecs-92"]
[BlackTeam "Echiquier de l'Erdre"]
[WhiteFideId "813192"]
[BlackFideId "680460"]
[EventDate "2022.06.09"]

1. e4 c6 2. d4 d5 3. Nc3 dxe4 4. Nxe4 Nf6 5. Nxf6+ exf6 6. c3 Bd6 7. Bd3 O-O 8.
Qc2 Re8+ 9. Ne2 h5 10. O-O h4 11. h3 Nd7 12. Bd2 Nf8 13. Rae1 Bc7 14. f4 g6 15.
f5 g5 16. c4 b6 17. b4 a5 18. bxa5 bxa5 19. c5 Ba6 20. Bxa6 Rxa6 21. Qc4 Ra8 22.
Nc3 Bg3 23. Rxe8 Qxe8 24. Qd3 Qd7 25. d5 Be5 26. d6 Qa7 27. Ne4 Nd7 28. Be3 Rb8
29. Rc1 Kg7 30. Nd2 Rb5 31. Nb3 Qb7 32. Nd4 Rb2 33. Qe4 Bxd4 34. Bxd4 Rxa2 35.
Qe3 Kh7 36. Qf3 Kh6 37. Qd3 Qb4 38. Rb1 Rd2 39. Rxb4 Rxd3 40. Ra4 Kg7 41. Kf2
Rd2+ 42. Kf3 Ne5+ 43. Ke3 Rd1 44. Ke2 Rb1 45. Rxa5 Rb4 46. Bxe5 Re4+ 47. Kd3
Rxe5 48. Ra4 Kf8 49. Ra8+ Kg7 50. Kc4 Re4+ 51. Kc3 Re3+ 52. Kb4 Rd3 53. Rc8 1-0

[Event "TCh-FRA Top 16 GpB 2022"]
[Site "Chartres FRA"]
[Date "2022.06.13"]
[Round "5.4"]
[Board "4"]
[White "Tregubov, Pavel V."]
[Black "Real, Thibault"]
[Result "1-0"]
[WhiteTitle "GM"]
[BlackTitle "FM"]
[WhiteElo "2543"]
[BlackElo "2279"]
[WhiteTeam "Clichy-Echecs-92"]
[BlackTeam "Echiquier de l'Erdre"]
[WhiteFideId "4115341"]
[BlackFideId "205559"]
[EventDate "2022.06.09"]

1. e4 c5 2. Nf3 d6 3. Bb5+ Bd7 4. Bxd7+ Qxd7 5. d4 cxd4 6. Qxd4 Nc6 7. Qd3 g6 8.
O-O Bg7 9. c4 Rc8 10. Nc3 Na5 11. Nd2 Qc6 12. Nb5 Qb6 13. Rb1 a6 14. Nc3 Qc6 15.
b3 b5 16. Nd5 bxc4 17. bxc4 Nxc4 18. Nxc4 Qxc4 19. Qxc4 Rxc4 20. Rb8+ Kd7 21.
Nb6+ Kc7 22. Rc8+ Kxb6 23. Rxc4 Nf6 24. Be3+ Kb5 25. Rfc1 Ng4 26. a4+ Ka5 27.
Bd2+ Kb6 28. h3 Ne5 29. Rb1+ Ka7 30. Rc7+ 1-0

[Event "TCh-FRA Top 16 GpB 2022"]
[Site "Chartres FRA"]
[Date "2022.06.13"]
[Round "5.4"]
[Board "5"]
[White "Hutois, Mickael"]
[Black "Delorme, Axel"]
[Result "0-1"]
[WhiteTitle "FM"]
[BlackTitle "GM"]
[WhiteElo "2245"]
[BlackElo "2464"]
[WhiteTeam "Echiquier de l'Erdre"]
[BlackTeam "Clichy-Echecs-92"]
[WhiteFideId "652091"]
[BlackFideId "632023"]
[EventDate "2022.06.09"]

1. e4 e5 2. Nf3 Nc6 3. Bb5 a6 4. Bxc6 dxc6 5. O-O Qf6 6. d3 Ne7 7. Nbd2 c5 8. b4
cxb4 9. Bb2 Nc6 10. Nxe5 Nxe5 11. Nc4 Nf3+ 12. Qxf3 Qxf3 13. gxf3 Be6 14. Ne3 c5
15. f4 f6 16. f5 Bf7 17. f4 O-O-O 18. Kf2 c4 19. Nxc4 Bxc4 20. dxc4 Rd2+ 21. Ke3
Rxh2 22. Bd4 Rxc2 23. Kd3 Rg2 24. Rg1 Rxg1 25. Rxg1 h5 26. e5 fxe5 27. fxe5 h4
28. e6 h3 29. Ke4 Rh4+ 30. Kd5 Rh5 31. Ke4 Rh4+ 32. Ke5 Be7 33. Kd5 Rh7 34. Be5
a5 35. f6 Bxf6 36. Bxf6 h2 37. e7 Kd7 38. e8=Q+ Kxe8 39. Re1+ Kf7 40. Kd4 0-1

[Event "TCh-FRA Top 16 GpB 2022"]
[Site "Chartres FRA"]
[Date "2022.06.13"]
[Round "5.4"]
[Board "6"]
[White "Libiszewski, Fabien"]
[Black "De Pierrefeu, Thibaut"]
[Result "1/2-1/2"]
[WhiteTitle "GM"]
[WhiteElo "2519"]
[BlackElo "2188"]
[WhiteTeam "Clichy-Echecs-92"]
[BlackTeam "Echiquier de l'Erdre"]
[WhiteFideId "616834"]
[BlackFideId "2109093"]
[EventDate "2022.06.09"]

1. e4 e5 2. Nf3 Nc6 3. Bb5 a6 4. Ba4 Nf6 5. Nc3 b5 6. Bb3 Be7 7. a4 Nd4 8. axb5
Nxb3 9. cxb3 d5 10. Nxe5 dxe4 11. Qe2 Qd6 12. Nc6 Qd3 13. Qxd3 exd3 14. O-O Bd6
15. Re1+ Kd7 16. Ne5+ Bxe5 17. Rxe5 Re8 18. Rxe8 Kxe8 19. f3 Bb7 20. bxa6 Rxa6
21. Ra4 Kd7 22. Kf2 c5 23. b4 c4 24. Rxa6 Bxa6 25. b5 Bc8 26. Ke3 Kc7 27. Kd4
Be6 28. Na4 Nd7 29. Nc5 Nxc5 30. Kxc5 h5 31. h4 Kb7 32. b3 cxb3 33. Bb2 g6 34.
Kb4 Bd7 35. Bd4 Be6 36. Kc3 Kc7 37. Kxd3 Kd6 38. Kc3 Bd5 39. Kb4 Be6 40. Bf6 Bd5
41. Bd4 Be6 42. Kc3 Bd7 43. Kc4 Be6+ 44. Kb4 Kd5 45. Bb2 Kd6 46. Ba3 Bd5 47.
Ka5+ Kc7 48. d3 Kb7 49. Kb4 Kb6 50. Bb2 Be6 51. Bd4+ Kb7 52. Bc3 Kb6 53. Bb2 Bf5
54. Bd4+ Kb7 55. Kc4 Be6+ 56. Kc3 Bd7 57. Kc4 Be6+ 58. Kb4 Bf5 59. Kxb3 Bxd3 60.
Kb4 Bf1 61. g3 Be2 62. f4 Bg4 63. Kc5 Bd7 64. b6 Bg4 65. Kd6 f5 66. Ke6 Kc6 67.
Kf6 Kb7 68. Kxg6 Kc6 69. Kf6 Kb7 70. Ke7 Bf3 71. Ke6 Bg4 72. Bf2 1/2-1/2

[Event "TCh-FRA Top 16 GpB 2022"]
[Site "Chartres FRA"]
[Date "2022.06.13"]
[Round "5.4"]
[Board "7"]
[White "Le Pen, Steven"]
[Black "Harutyunyan, Ruben"]
[Result "0-1"]
[BlackTitle "FM"]
[WhiteElo "2079"]
[BlackElo "2395"]
[WhiteTeam "Echiquier de l'Erdre"]
[BlackTeam "Clichy-Echecs-92"]
[WhiteFideId "612197"]
[BlackFideId "26042410"]
[EventDate "2022.06.09"]

1. e4 e5 2. Nf3 Nc6 3. Bb5 a6 4. Bxc6 dxc6 5. O-O Bg4 6. h3 Bh5 7. g4 Bg6 8.
Nxe5 Qh4 9. Qf3 Bd6 10. Nxg6 hxg6 11. Kg2 Bf4 12. Nc3 Ne7 13. Ne2 g5 14. d4 Ng6
15. Bxf4 gxf4 16. Rh1 Qg5 17. Kf1 O-O-O 18. Rd1 Rd6 19. h4 Rxh4 20. Rxh4 Qxh4
21. Nxf4 Nxf4 22. Qxf4 Rf6 23. Qe3 Qxg4 24. Rd3 Rf4 25. f3 Qh3+ 26. Ke2 Qh2+ 27.
Qf2 Qh5 28. Qe3 Rh4 29. Rb3 Rh2+ 30. Kd3 Qh3 31. c4 Qg2 32. Kc3 a5 33. d5 c5 34.
Qd3 Rh3 0-1

[Event "TCh-FRA Top 16 GpB 2022"]
[Site "Chartres FRA"]
[Date "2022.06.14"]
[Round "6.1"]
[Board "1"]
[White "Vachier-Lagrave, Maxime"]
[Black "Gharamian, Tigran"]
[Result "1/2-1/2"]
[WhiteTitle "GM"]
[BlackTitle "GM"]
[WhiteElo "2760"]
[BlackElo "2602"]
[WhiteTeam "Asnieres - Le Grand Echiquier"]
[BlackTeam "Clichy-Echecs-92"]
[WhiteFideId "623539"]
[BlackFideId "13301527"]
[EventDate "2022.06.09"]

1. e4 c6 2. d4 d5 3. e5 Bf5 4. Nf3 e6 5. Be2 Ne7 6. O-O c5 7. c4 Nbc6 8. dxc5
dxc4 9. Bxc4 Ng6 10. Be3 Be7 11. Nc3 O-O 12. Be2 Qa5 13. a3 Rad8 14. Qe1 a6 15.
h3 Qc7 16. g4 Bd3 17. Bxd3 Rxd3 18. Qe2 Rdd8 19. Rad1 Ncxe5 20. Nxe5 Qxe5 21.
Qc4 Rc8 22. Qe4 Bxc5 23. Bxc5 Qxc5 24. Qxb7 Rb8 25. Qf3 Rb3 26. Rfe1 Qb6 27. Re3
Qb8 28. Na4 Rxe3 29. Qxe3 Qb5 30. b3 Ne7 31. Nb6 h6 32. b4 a5 33. bxa5 1/2-1/2

[Event "TCh-FRA Top 16 GpB 2022"]
[Site "Chartres FRA"]
[Date "2022.06.14"]
[Round "6.1"]
[Board "2"]
[White "Van Foreest, Jorden"]
[Black "Moussard, Jules"]
[Result "0-1"]
[WhiteTitle "GM"]
[BlackTitle "GM"]
[WhiteElo "2702"]
[BlackElo "2668"]
[WhiteTeam "Clichy-Echecs-92"]
[BlackTeam "Asnieres - Le Grand Echiquier"]
[WhiteFideId "1039784"]
[BlackFideId "642908"]
[EventDate "2022.06.09"]

1. e4 c5 2. Nf3 d6 3. d4 cxd4 4. Nxd4 Nf6 5. Nc3 a6 6. Be2 e5 7. Nb3 Be7 8. O-O
O-O 9. Qd3 Be6 10. Rd1 Nbd7 11. Nd5 Bxd5 12. exd5 Rc8 13. a4 Ne8 14. a5 Bg5 15.
c4 Bxc1 16. Nxc1 Nef6 17. b4 e4 18. Qd4 Re8 19. Ra3 h5 20. h3 Re5 21. Re3 Nf8
22. Na2 Ng6 23. Nc3 Nh4 24. g4 hxg4 25. hxg4 Qe7 26. c5 dxc5 27. bxc5 Ng6 28. c6
bxc6 29. dxc6 Rxc6 30. Qd8+ Qf8 31. Qxf8+ Kxf8 32. Rd8+ Ke7 33. Ra8 Nf4 34. Bf3
Rxa5 35. Nxe4 Ra1+ 36. Kh2 N6d5 37. Nd2+ Nxe3 38. Bxc6 Nxg4+ 39. Kg3 Ne5 40.
Ra7+ Ke6 41. Bb7 Ne2+ 42. Kh2 a5 43. Nb3 Rf1 44. Kg2 Rg1+ 45. Kh3 Nd3 46. Rxa5
Nxf2+ 47. Kh2 Ng4+ 48. Kh3 Nf4+ 49. Kh4 Ne5 50. Nd4+ Kd6 51. Nf5+ Kc7 52. Ng3
Nfg6+ 0-1

[Event "TCh-FRA Top 16 GpB 2022"]
[Site "Chartres FRA"]
[Date "2022.06.14"]
[Round "6.1"]
[Board "3"]
[White "Alekseenko, Kirill"]
[Black "Vocaturo, Daniele"]
[Result "1/2-1/2"]
[WhiteTitle "GM"]
[BlackTitle "GM"]
[WhiteElo "2701"]
[BlackElo "2608"]
[WhiteTeam "Asnieres - Le Grand Echiquier"]
[BlackTeam "Clichy-Echecs-92"]
[WhiteFideId "4135539"]
[BlackFideId "813192"]
[EventDate "2022.06.09"]

1. e4 e5 2. Nf3 Nf6 3. d4 Nxe4 4. Bd3 Nc6 5. dxe5 Nc5 6. O-O Nxd3 7. Qxd3 d6 8.
exd6 Qxd6 9. Qe4+ Qe7 10. Qf4 Be6 11. Rd1 h6 12. Nc3 g5 13. Qa4 Qb4 14. Qxb4
Bxb4 15. Nb5 Rc8 16. Be3 a6 17. Nbd4 Nxd4 18. Nxd4 1/2-1/2

[Event "TCh-FRA Top 16 GpB 2022"]
[Site "Chartres FRA"]
[Date "2022.06.14"]
[Round "6.1"]
[Board "4"]
[White "Amin, Bassem"]
[Black "Movsesian, Sergei"]
[Result "0-1"]
[WhiteTitle "GM"]
[BlackTitle "GM"]
[WhiteElo "2681"]
[BlackElo "2607"]
[WhiteTeam "Clichy-Echecs-92"]
[BlackTeam "Asnieres - Le Grand Echiquier"]
[WhiteFideId "10601457"]
[BlackFideId "310204"]
[EventDate "2022.06.09"]

1. e4 c5 2. Nf3 e6 3. d3 Nc6 4. g3 d5 5. Nbd2 Bd6 6. Bg2 Nge7 7. O-O O-O 8. Re1
Bc7 9. c3 b6 10. e5 Ba6 11. d4 cxd4 12. cxd4 Bd3 13. Bf1 Bg6 14. a3 a6 15. b4 b5
16. Nb3 h6 17. Nh4 Bh7 18. Bd3 Bxd3 19. Qxd3 Bb6 20. Be3 Qd7 21. Rac1 Rfc8 22.
f4 a5 23. Nc5 Bxc5 24. bxc5 b4 25. a4 b3 26. Qxb3 Rcb8 27. Qd3 Rb4 28. g4 Rab8
29. Kh1 Rxa4 30. Rg1 Rb2 31. Qa6 Qc8 32. Qd3 Raa2 33. Rg2 Qb7 34. Rd1 Ng6 35.
Rxb2 Qxb2 36. Rd2 Ra1+ 37. Kg2 Nxh4+ 38. Kh3 Ra3 0-1

[Event "TCh-FRA Top 16 GpB 2022"]
[Site "Chartres FRA"]
[Date "2022.06.14"]
[Round "6.1"]
[Board "5"]
[White "Esipenko, Andrey"]
[Black "Tregubov, Pavel V."]
[Result "1-0"]
[WhiteTitle "GM"]
[BlackTitle "GM"]
[WhiteElo "2705"]
[BlackElo "2543"]
[WhiteTeam "Asnieres - Le Grand Echiquier"]
[BlackTeam "Clichy-Echecs-92"]
[WhiteFideId "24175439"]
[BlackFideId "4115341"]
[EventDate "2022.06.09"]

1. d4 Nf6 2. c4 e6 3. Nf3 Nc6 4. Nc3 Bb4 5. Qc2 d6 6. Bd2 O-O 7. a3 Bxc3 8. Bxc3
Qe7 9. e3 e5 10. d5 Nb8 11. Nd2 a5 12. b3 b5 13. Be2 bxc4 14. bxc4 Nbd7 15. Nb3
a4 16. Nd2 Nc5 17. O-O Bd7 18. Bb4 Na6 19. Rfb1 Rfb8 20. e4 Be8 21. Qd3 Nd7 22.
Bd1 Ndc5 23. Qe3 Rb7 24. Bc3 Rab8 25. Rxb7 Rxb7 26. Bc2 f6 27. Nf1 Nb3 28. Rd1
Nac5 29. Ng3 Rb8 30. h3 Qf8 31. Rf1 Bg6 32. h4 Qe8 33. f4 exf4 34. Rxf4 h5 35.
Bxf6 gxf6 36. Rxf6 Nd7 37. Nxh5 Nf8 38. Qh6 Bxh5 39. e5 Qe7 40. Qxh5 Nd4 41.
Qg4+ Qg7 42. Qxd4 1-0

[Event "TCh-FRA Top 16 GpB 2022"]
[Site "Chartres FRA"]
[Date "2022.06.14"]
[Round "6.3"]
[Board "7"]
[White "Roubert, Emile"]
[Black "Rouler, Charly"]
[Result "0-1"]
[BlackTitle "FM"]
[WhiteElo "2027"]
[BlackElo "2346"]
[WhiteTeam "Echiquier Agenais"]
[BlackTeam "Lyon Olympique Echecs"]
[WhiteFideId "680311"]
[BlackFideId "621692"]
[EventDate "2022.06.09"]

1. e4 c5 2. Nf3 e6 3. d4 cxd4 4. Nxd4 a6 5. Nc3 Qc7 6. Be2 Nf6 7. O-O d6 8. f4
Nc6 9. Kh1 Be7 10. Nxc6 bxc6 11. Qd3 O-O 12. b3 Bb7 13. Bb2 c5 14. Rae1 Nd7 15.
Qh3 Bf6 16. Bd3 g6 17. Rf3 Qa5 18. Bf1 Rae8 19. Rd3 Bd4 20. Qh4 f6 21. Rh3 Rf7
22. Bc4 Nf8 23. f5 gxf5 24. exf5 Rg7 25. Rg3 Re7 26. fxe6 Ng6 27. Qh5 Bf2 28.
Rf1 Bxg3 29. hxg3 Ne5 30. Nd5 Bxd5 31. Bxd5 Qd2 32. Rd1 Qg5 33. Qxg5 Rxg5 34.
Bxe5 dxe5 35. Bc4 Rxg3 36. Bxa6 Kf8 37. Bc4 Ra7 38. Rd8+ Ke7 39. Rh8 Rg7 40. a4
Rc7 41. a5 f5 42. a6 e4 43. Kg1 Kf6 44. Rd8 Ke5 45. Rd5+ Kf4 46. Kf2 h5 47. g3+
Rxg3 48. Rxf5+ Kxf5 49. Kxg3 Ke5 50. c3 Rh7 51. Kh4 e3 52. b4 cxb4 53. cxb4 Kd4
54. Be2 Kd5 55. Bd3 Kxe6 56. b5 Kd6 57. b6 Kc6 58. a7 Rh8 59. a8=Q+ Rxa8 60.
Kxh5 Ra2 0-1

[Event "TCh-FRA Top 16 GpB 2022"]
[Site "Chartres FRA"]
[Date "2022.06.14"]
[Round "6.4"]
[Board "1"]
[White "Kulaots, Kaido"]
[Black "Erigaisi, Arjun"]
[Result "0-1"]
[WhiteTitle "GM"]
[BlackTitle "GM"]
[WhiteElo "2537"]
[BlackElo "2681"]
[WhiteTeam "Les Tours des Hauts de France - St Quentin"]
[BlackTeam "Mulhouse Philidor"]
[WhiteFideId "4500261"]
[BlackFideId "35009192"]
[EventDate "2022.06.09"]

1. e4 e6 2. d4 d5 3. e5 c5 4. c3 Qb6 5. Nf3 Nc6 6. Be2 cxd4 7. cxd4 Nh6 8. Bxh6
Qxb2 9. Nbd2 gxh6 10. O-O Nxd4 11. Rb1 Nxe2+ 12. Qxe2 Qa3 13. Rfc1 Be7 14. Rc7
a6 15. Rbc1 Bd7 16. Nb3 Bd8 17. R7c3 Bb5 18. Qe3 Qe7 19. Qxh6 Bc4 20. Rxc4 dxc4
21. Rxc4 Bc7 22. Qd2 Rd8 23. Qc2 Qd7 24. Nbd4 Bb6 25. h3 Qd5 26. Qa4+ Rd7 27.
Rc8+ Bd8 28. Qc2 b6 29. Qd2 Qb7 30. Rc3 Qe4 31. Re3 Qd5 32. Rc3 Rg8 33. Qf4 Qxa2
34. Rc8 Qb1+ 35. Kh2 Rc7 36. Rxc7 Bxc7 37. Nc6 Qc2 38. Nfd4 Qc5 39. g3 b5 40.
Qf6 Rg6 41. Qh4 h6 42. Qe4 a5 43. Qe2 a4 44. h4 a3 45. h5 Rg5 46. f4 Rg7 47. Qd2
Bb6 48. Kh3 Qc4 49. Kh2 a2 0-1

[Event "TCh-FRA Top 16 GpB 2022"]
[Site "Chartres FRA"]
[Date "2022.06.15"]
[Round "7.1"]
[Board "1"]
[White "Erigaisi, Arjun"]
[Black "Esipenko, Andrey"]
[Result "1/2-1/2"]
[WhiteTitle "GM"]
[BlackTitle "GM"]
[WhiteElo "2681"]
[BlackElo "2705"]
[WhiteTeam "Mulhouse Philidor"]
[BlackTeam "Asnieres - Le Grand Echiquier"]
[WhiteFideId "35009192"]
[BlackFideId "24175439"]
[EventDate "2022.06.09"]

1. d4 Nf6 2. c4 e6 3. Nc3 Bb4 4. e3 O-O 5. Bd3 d5 6. a3 Bxc3+ 7. bxc3 dxc4 8.
Bxc4 c5 9. Nf3 Qc7 10. Be2 b6 11. O-O Nc6 12. Bb2 Rd8 13. c4 Bb7 14. Rc1 Rac8
15. Re1 Ne7 16. Ne5 Ng6 17. Nd3 Ne4 18. Bf1 Nd6 19. d5 exd5 20. cxd5 Bxd5 21.
Nxc5 Nc4 22. Nd3 Nxb2 23. Nxb2 Qb7 24. Qa4 Qe7 25. Nd3 Ba8 26. Qa6 Rxc1 27. Rxc1
Qd7 28. Rc4 Qe7 29. Rc8 Rf8 30. h3 h6 31. Rxf8+ Nxf8 32. Qc8 Be4 33. a4 Qd7 34.
Qc4 Bd5 35. Qb4 Ne6 1/2-1/2